00813nam a2200181 a 450000100100000000500170001000800410002704000250006810000260009324501890011926000720030830000200038050000550040070000320045570000220048795201050050999900170061400003515520200930074135.0111025s1909 000 spa d aDO-SdBNPbspacBNPHU1 aAznar, Tomás96087010aAires del Moncayo :h[Texto impreso] :bzarzuela de costumbres baturras en un acto y cuatro cuadros /coriginal de Tomás Aznar y Juan José Lorente ; música del maestro Luis Aula. aMadrid :bSociedad de Autores Españoles,c1909.fR. Velasco, imp. a38 p. ;c21 cm. aEstreno: Coliseo de La Latina, 6 de abril de 1909.1 aLorente, Juan José9608711 aAula, Luis960872 001050718MOaGRbGRcHDd2011-10-25iLF1l0o p35155-10r2020-06-25w2020-06-25y1ZNo se presta c34646d34646